Movies Quiz

Random Movies or Word Play Quiz
Score 0/35 Timer 10:00
1 Play Today
% Correct
A Streetcar Named Desire
98.9%
The Left Hand of God
98.5%
The Ten Commandments
94.5%
12 Angry Men
94.1%
From Here to Eternity
93.3%
Rebel Without a Cause
93.1%
The Robe
92.8%
Sleeping Beauty
91.7%
East of Eden
91.6%
South Pacific
91.6%
The Lemon Drop Kid
90.5%
Plan 9 from Outer Space
90.1%
An American in Paris
89.9%
Imitation of Life
89.5%
The Day the Earth Stood Still
89.4%
North by Northwest
89.2%
The 39 Steps
89%
Love Me Tender
88.9%
% Correct
Rear Window
88.8%
Cheaper by the Dozen
88.7%
A Farewell to Arms
88.1%
Seven Brides for Seven Brothers
88%
Roman Holiday
86.8%
All That Heaven Allows
86.1%
Hans Christian Andersen
85.2%
Angels in the Outfield
84.6%
Animal Farm
83.8%
Three Coins in the Fountain
82.8%
A Night To Remember
82.7%
The Seventh Seal
80.3%
The Man with the Golden Arm
79.2%
Run Silent Run Deep
71.3%
A Kiss Before Dying
69.5%
Throne of Blood
57%
Glen or Glenda
56.9%
Remove Ads.
Support Sporcle.
Get the best of Sporcle when you Go Orange. This ad-free experience offers more features, more stats, and more fun while also helping to support Sporcle. Thank you for becoming a member.

You're not logged in!

Compare scores with friends on all Sporcle quizzes.
OR
Log In

Show Comments

Extras

Top Quizzes Today


Score Distribution

Your Account Isn't Verified!

In order to create a playlist on Sporcle, you need to verify the email address you used during registration. Go to your Sporcle Settings to finish the process.

Report this User

Report this user for behavior that violates our Community Guidelines.

Details: